| 000 | 00582nam a2200193 i 4500 | ||
|---|---|---|---|
| 001 | 79732 | ||
| 003 | ES-MaACL | ||
| 005 | 20250803050539.0 | ||
| 007 | t| | ||
| 008 | 041022s1960 sp ||||1| spa d | ||
| 100 | 1 |
_aHerodoto. _963126 |
|
| 245 | 1 | 0 |
_aHistorias. Libro 1º / _cHerodoto ; texto revisado y traducido por Jaime Berenguer Amenos. |
| 260 |
_aBarcelona : _bAlma Mater, _c1960. |
||
| 300 |
_a1 v. ; _c25 cm. |
||
| 650 | 0 | 7 |
_aHistoria antigua _2embne _913385 |
| 700 | 1 |
_aBerenguer Amenós, Jaime. _927893 |
|
| 852 |
_aES-MaACL _jP-700 _bR.46927 |
||
| 999 |
_c79732 _d79732 |
||